000 00492nam a2200181Ia 4500
001 17204
005 20260306170408.0
008 260306t2003||||xx |||||||||||||| ||und||
041 _aESP
082 _a657.61
_bA93 2003
100 _aAyala Zavala, Pascual
_eAUT
245 0 _aNormas internacionales de contabilidad :
_bsector público. Análisis y casos prácticos
260 _c2003
300 _a701 páginas :
_c24 cm.
650 _aGEN
654 _aCCO
942 _cLIB
_dJUS
_fJUS
_2ddc
_n
999 _c17204
_d17204